00644nam a2200205Ia 4500008004100000040001400041082002400055100001900079245004600098260003600144300001100180365002700191366000800218505002200226530003000248620004800278630004600326650002000372730004600392100315s9999 xx 000 0 und d cENGLISH  b8898 a212.52092  a"Yadav, K.C. " aAutobiography of Swami Dayanand Saraswati aNEW DELHI bManohar  c1976  a108   eRupees d1 b25.00  f0  gVaibhav Gaikwad  bDonated By RBI Library   a"Autobiography, Swami Dayanand Saraswati " aAutobiography of Swami Dayanand Saraswati aAutobiography  aAutobiography of Swami Dayanand Saraswati